| 000 | 01073nam a2200229 a 4500 | ||
|---|---|---|---|
| 001 | 000308878 | ||
| 003 | AM-YeHGA | ||
| 005 | 20250618071956.0 | ||
| 008 | 040216s1912 ai ||||gr|||||||||0|arm|d | ||
| 040 | _aAM-YeHGA | ||
| 041 | 0 | _aarm | |
| 100 | 1 |
_aՏերտերյան, Արսեն Հարությունի, _d1882-1953 _91709 |
|
| 245 | 1 | 0 |
_aՅովհաննէս Յովհաննիսեան : _bՍիրոյ եւ կարեկցութեան երգիչը / _cԱ. Տէրտէրեան. |
| 260 |
_aԵրեւան : _bտպ. "Լոյս" Արշակ Յակովբեանցի եւ որդիք, _c1912. |
||
| 300 |
_a104 էջ : _b1 թ. դիմանկ. ; _c18 սմ. |
||
| 500 | _aԵրեսնամեայ յօբելեանի առիթով 1882-19125 | ||
| 600 | 1 | 4 |
_aՀովհաննիսյան, Հովհաննես Մկրտչի, _d1864-1929 _93945 |
| 650 | 1 | 4 |
_aՀայ գրողների կյանքն ու գործունեությունը _94515 |
| 856 | 4 | 1 |
_uhttp://serials.flib.sci.am/Founders/Terteryan-Yovhannes/book/index.html#page/1/mode/2up _yԿարդալ առցանց |
| 942 |
_2udc _cBK |
||
| 090 | _c115365 | ||
| 999 |
_c114025 _d114025 |
||